Love Island 2023 Summer Series - All Contestants Quiz - Statistics

General Stats
  • This quiz has been taken 92 times
  • The average score is 22 of 32
Answer Stats
Answer % Correct
Sammy Root
97%
Ella Barnes
95%
Ella Thomas
95%
Jess Harding
95%
Catherine Agbaje
92%
Mitchel Taylor
92%
Molly Marsh
92%
Scott van-der-Sluis
92%
Tyrique Hyde
92%
Whitney Adebayo
92%
Zachariah Noble
90%
Zachary Ashford
90%
Lochan Nowacki
75%
Mehdi Edno
75%
Leah Taylor
73%
Ouzy See
71%
Kady McDermott
70%
Abi Moores
65%
Andre Furtado
57%
George Fensom
57%
Montel McKenzie
57%
Ruchee Gurung
57%
Amber Wise
56%
Elom Ahlijah-Wilson
49%
Mal Nichol
48%
Charlotte Summer
43%
Gabby Jeffery
40%
Josh Brocklebank
38%
Tink Reading
38%
Danielle Mazhindu
30%
Kodie Murphy
30%
Benjamin Noel
22%
No matching quizzes found
Score Distribution
Percent of People with Each Score
Percentile by Number Answered
Your Score History
You have not taken this quiz